[Event "London Classic op 5th"]
[Site "London"]
[Date "2013.12.09"]
[Round "3"]
[White "Burnham, Frank"]
[Black "Harari, Zaki"]
[Result "0-1"]
[WhiteElo "1818"]
[BlackElo "2118"]
[PlyCount "60"]
[EventDate "2013.12.07"]
[EventType "swiss"]
[EventRounds "9"]
[EventCountry "ENG"]
[SourceTitle "CBM 157 Extra"]
[Source "ChessBase"]
[SourceDate "2013.12.19"]
[SourceVersion "1"]
[SourceVersionDate "2013.12.19"]
[SourceQuality "1"]

1. b4 e5 2. Bb2 Bxb4 3. Bxe5 Nf6 4. Nf3 Nc6 5. Bb2 0-0 6. c3 Ba5 7. e3 d5 8. d4 Bg4 9. Be2 Re8 10. 0-0 Ne4 11. Nfd2 Bxe2 12. Qxe2 f5 13. Nb3 Bb6 14. N1d2 a5 15. a4 Ne7 16. c4 c6 17. cxd5 Nxd5 18. Nxe4 Rxe4 19. Nd2 Re8 20. Rac1 Qh4 21. g3 Qh3 22. Qf3 Rad8 23. Qg2 Qh5 24. h4 Qe2 25. Rfd1 Qg4 26. Re1 Nb4 27. Rc3 Rxd4 28. f3 Qg6 29. exd4 Rxe1+ 30. Kf2 Qe6 0-1

[Event "London Classic op 5th"]
[Site "London"]
[Date "2013.12.07"]
[Round "1"]
[White "Berry, Neil"]
[Black "Burnham, Frank"]
[Result "1-0"]
[WhiteElo "2242"]
[BlackElo "1818"]
[PlyCount "53"]
[EventDate "2013.12.07"]
[EventType "swiss"]
[EventRounds "9"]
[EventCountry "ENG"]
[SourceTitle "CBM 157 Extra"]
[Source "ChessBase"]
[SourceDate "2013.12.19"]
[SourceVersion "1"]
[SourceVersionDate "2013.12.19"]
[SourceQuality "1"]

1. d4 b5 2. e4 Bb7 3. Bd3 a6 4. Nf3 e6 5. 0-0 Nf6 6. Re1 Be7 7. Nbd2 0-0 8. Nf1 d6 9. Ng3 h6 10. c3 Nbd7 11. Qe2 c5 12. e5 dxe5 13. dxe5 Ne8 14. Bf4 g5 15. Bc1 Qc7 16. h3 Rd8 17. Bc2 Bxf3 18. gxf3 Ng7 19. f4 f5 20. exf6 Bxf6 21. Qe4 gxf4 22. Bxf4 e5 23. Bxh6 Rf7 24. Qh7+ Kf8 25. Bg6 Ke7 26. Nf5+ Kf8 27. Qh8# 1-0

[Event "London Classic op 4th"]
[Site "London"]
[Date "2012.12.02"]
[Round "2"]
[White "Burnham, Frank"]
[Black "Ditmas, Hugh"]
[Result "1/2-1/2"]
[WhiteElo "1792"]
[BlackElo "2011"]
[PlyCount "115"]
[EventDate "2012.12.01"]
[EventType "swiss"]
[EventRounds "9"]
[EventCountry "ENG"]
[SourceTitle "CBM 151 Extra"]
[Source "ChessBase"]
[SourceDate "2012.12.18"]
[SourceVersion "1"]
[SourceVersionDate "2012.12.18"]
[SourceQuality "1"]

1. e4 c5 2. b4 cxb4 3. a3 d5 4. e5 Bf5 5. axb4 Qc7 6. Bb5+ Nd7 7. Bxd7+ Qxd7 8. d4 e6 9. c3 Ne7 10. Ne2 Nc8 11. 0-0 Be7 12. Nd2 Nb6 13. Nb3 Nc4 14. Nf4 h6 15. Nh5 0-0 16. Ng3 Bh7 17. Qg4 Kh8 18. f4 f6 19. Nh5 Rf7 20. Nc5 Bxc5 21. bxc5 fxe5 22. fxe5 Rxf1+ 23. Kxf1 Rf8+ 24. Ke1 Qf7 25. Qe2 a6 26. Ng3 Qg6 27. Be3 Nxe3 28. Qxe3 Qc2 29. Rc1 Qxg2 30. c4 Rf3 31. Qe2 Qg1+ 32. Nf1 Rb3 33. cxd5 exd5 34. Qf2 Qxf2+ 35. Kxf2 Bf5 36. Ne3 Be6 37. c6 bxc6 38. Rxc6 Rb2+ 39. Kg3 Rb3 40. Kf4 g5+ 41. Kf3 Bf7 42. Rxh6+ Kg7 43. Rxa6 Bh5+ 44. Kf2 Rb2+ 45. Kg1 Rb1+ 46. Nf1 Be2 47. Rf6 Rd1 48. Rf2 Bxf1 49. Rxf1 Rxd4 50. Rf5 Kg6 51. Rf6+ Kh5 52. Rd6 Kg4 53. e6 Kf3 54. h3 Kg3 55. Kf1 Kxh3 56. e7 Rf4+ 57. Kg1 Re4 58. Rxd5 1/2-1/2

[Event "London Classic op"]
[Site "London"]
[Date "2011.12.09"]
[Round "7"]
[White "Burnham, Frank"]
[Black "Millward, Richard"]
[Result "0-1"]
[WhiteElo "1788"]
[BlackElo "2097"]
[PlyCount "72"]
[EventDate "2011.12.03"]
[EventType "swiss"]
[EventRounds "9"]
[EventCountry "ENG"]
[SourceTitle "CBM 145 Extra"]
[Source "ChessBase"]
[SourceDate "2012.01.03"]
[SourceVersion "1"]
[SourceVersionDate "2012.01.03"]
[SourceQuality "1"]

1. e4 c5 2. b4 cxb4 3. a3 bxa3 4. Bxa3 e6 5. Bxf8 Kxf8 6. Nf3 Ne7 7. d4 d5 8. e5 Qc7 9. Bd3 Nbc6 10. 0-0 Nb4 11. c3 Nxd3 12. Qxd3 Bd7 13. Rc1 b5 14. Na3 a6 15. Nd2 f5 16. exf6 gxf6 17. Nb3 Ng6 18. Nc5 Kf7 19. Qe3 Rhg8 20. Re1 Nh4 21. g3 Nf5 22. Qe2 Rge8 23. Qh5+ Kg8 24. g4 Ng7 25. Qh6 e5 26. Qxf6 Bxg4 27. Rxe5 Rxe5 28. Qxe5 Qf7 29. Qg3 Qf5 30. Nxb5 Rf8 31. Nd6 Qh5 32. Rxa6 Bh3 33. Ra1 h6 34. Re1 Rf3 35. Nf5 Rxg3+ 36. Nxg3 Qf3 0-1

[Event "London Classic op"]
[Site "London"]
[Date "2011.12.05"]
[Round "3"]
[White "Burnham, Frank"]
[Black "Skutta, Bernd"]
[Result "0-1"]
[WhiteElo "1788"]
[BlackElo "2098"]
[PlyCount "63"]
[EventDate "2011.12.03"]
[EventType "swiss"]
[EventRounds "9"]
[EventCountry "ENG"]
[SourceTitle "CBM 145 Extra"]
[Source "ChessBase"]
[SourceDate "2012.01.03"]
[SourceVersion "1"]
[SourceVersionDate "2012.01.03"]
[SourceQuality "1"]

1. e4 d6 2. f4 d5 3. e5 c5 4. c3 Bf5 5. d4 e6 6. Nf3 Qb6 7. Be2 Nc6 8. 0-0 h5 9. b3 Nh6 10. Na3 Be7 11. Nc2 Bxc2 12. Qxc2 cxd4 13. Kh1 dxc3 14. Qxc3 Ng4 15. h3 Nf2+ 16. Kh2 Ne4 17. Qd3 0-0 18. f5 Nb4 19. Qd1 exf5 20. a3 Nc6 21. Qxd5 Rfd8 22. Qc4 Rac8 23. e6 Bd6+ 24. g3 Bxg3+ 25. Kg2 Ne5 26. exf7+ Kf8 27. Nxe5 Rxc4 28. Nxc4 Qg6 29. Kf3 Be5 30. Bf4 Bxf4 31. Kxf4 b5 32. Ne5 0-1

[Event "London Classic op"]
[Site "London"]
[Date "2011.12.04"]
[Round "2"]
[White "Burnham, Frank"]
[Black "Andersen, Niels Erik"]
[Result "1-0"]
[WhiteElo "1788"]
[BlackElo "2018"]
[PlyCount "85"]
[EventDate "2011.12.03"]
[EventType "swiss"]
[EventRounds "9"]
[EventCountry "ENG"]
[SourceTitle "CBM 145 Extra"]
[Source "ChessBase"]
[SourceDate "2012.01.03"]
[SourceVersion "1"]
[SourceVersionDate "2012.01.03"]
[SourceQuality "1"]

1. e4 c5 2. b4 cxb4 3. a3 d5 4. e5 Nc6 5. d4 Qb6 6. Be3 Bf5 7. Nf3 e6 8. Be2 bxa3 9. Nxa3 Bxa3 10. 0-0 Bb4 11. c4 Nge7 12. c5 Qc7 13. Nh4 Be4 14. f4 g6 15. g4 h6 16. Bd3 Bxd3 17. Qxd3 h5 18. f5 gxf5 19. gxf5 0-0-0 20. fxe6 fxe6 21. Rf7 Rdg8+ 22. Kh1 Qd8 23. Rf6 Qd7 24. Raf1 Rg4 25. Ng2 Nf5 26. Nf4 h4 27. Nxe6 Ng7 28. Rf8+ Rxf8 29. Rxf8+ Ne8 30. Qf5 Re4 31. Qg6 b6 32. Rxe8+ Kb7 33. Bg5 Ka6 34. cxb6 axb6 35. Ra8+ Kb5 36. Bxh4 Nxd4 37. Nxd4+ Rxd4 38. Qc2 Qg4 39. Qa4+ Kc5 40. Be7+ Kc4 41. Qxb4+ Kd3 42. Ra3+ Ke4 43. Qxd4+ 1-0

[Event "London Classic op"]
[Site "London"]
[Date "2011.12.03"]
[Round "1"]
[White "Yeo, Michael J"]
[Black "Burnham, Frank"]
[Result "1-0"]
[WhiteElo "2152"]
[BlackElo "1788"]
[PlyCount "63"]
[EventDate "2011.12.03"]
[EventType "swiss"]
[EventRounds "9"]
[EventCountry "ENG"]
[SourceTitle "CBM 145 Extra"]
[Source "ChessBase"]
[SourceDate "2012.01.03"]
[SourceVersion "1"]
[SourceVersionDate "2012.01.03"]
[SourceQuality "1"]

1. e4 a6 2. d4 b5 3. Bd3 Bb7 4. Nf3 e6 5. 0-0 c5 6. c3 Nf6 7. Nbd2 Be7 8. dxc5 Bxc5 9. e5 Nd5 10. Ne4 Be7 11. Bg5 f6 12. exf6 Nxf6 13. Bxf6 gxf6 14. Re1 d5 15. Ng3 Qb6 16. Nd4 e5 17. Qh5+ Kd8 18. Qg4 exd4 19. Rxe7 Kxe7 20. Qg7+ Kd8 21. Qxh8+ Kc7 22. Qxh7+ Nd7 23. cxd4 Qxd4 24. Rc1+ Bc6 25. Nf5 Qxd3 26. Rxc6+ Kxc6 27. Ne7+ Kd6 28. Qxd3 Kxe7 29. Qxd5 Rc8 30. h4 Rc1+ 31. Kh2 Rc2 32. Qe4+ 1-0

[Event "London Classic op"]
[Site "London"]
[Date "2010.12.15"]
[Round "9"]
[White "De Luna Butz, Alberto"]
[Black "Burnham, Frank"]
[Result "0-1"]
[WhiteElo "1846"]
[BlackElo "1750"]
[PlyCount "122"]
[EventDate "2010.12.08"]
[EventType "swiss"]
[EventRounds "9"]
[EventCountry "ENG"]
[SourceTitle "CBM 139 Extra"]
[Source "ChessBase"]
[SourceDate "2011.01.05"]
[SourceVersion "1"]
[SourceVersionDate "2011.01.05"]
[SourceQuality "1"]

1. d4 d5 2. c4 e6 3. Nc3 Nf6 4. cxd5 exd5 5. Bg5 Be7 6. e3 0-0 7. Bd3 Nbd7 8. Qc2 c6 9. Nf3 h6 10. Bf4 a6 11. h3 c5 12. dxc5 Nxc5 13. Bf5 Bxf5 14. Qxf5 Nce4 15. Be5 Bb4 16. 0-0 Bxc3 17. bxc3 Rc8 18. Rfc1 Rc6 19. Nd4 Rxc3 20. Rxc3 Nxc3 21. Bxf6 Qxf6 22. Qxf6 gxf6 23. a3 Rd8 24. f3 Na4 25. Rc1 Rd7 26. Kf2 Nb2 27. Rc8+ Kh7 28. Ke2 Nc4 29. Nc2 Kg7 30. Kd3 Ne5+ 31. Kd4 Nc6+ 32. Kc5 Ne7 33. Re8 Rc7+ 34. Kd6 Rxc2 35. Rxe7 Rxg2 36. Rxb7 Rg3 37. Kxd5 Rxf3 38. Kd4 Rxh3 39. Rb4 Rh5 40. Kc3 Re5 41. Rg4+ Kh7 42. Kd3 Ra5 43. a4 f5 44. Rf4 Kg6 45. Ke2 Re5 46. Rb4 f6 47. Kf3 Kg5 48. Rb8 Re4 49. a5 Re5 50. Rg8+ Kh5 51. Kf4 Rxa5 52. e4 fxe4 53. Kxe4 Rg5 54. Rf8 Kg6 55. Rg8+ Kf7 56. Rh8 Kg7 57. Ra8 Ra5 58. Ra7+ Kg6 59. Kf4 h5 60. Kf3 h4 61. Ra8 h3 0-1

[Event "London Classic op"]
[Site "London"]
[Date "2010.12.13"]
[Round "6"]
[White "Burnham, Frank"]
[Black "Vachtfeidl, Petr"]
[Result "1-0"]
[WhiteElo "1750"]
[BlackElo "2038"]
[PlyCount "79"]
[EventDate "2010.12.08"]
[EventType "swiss"]
[EventRounds "9"]
[EventCountry "ENG"]
[SourceTitle "CBM 139 Extra"]
[Source "ChessBase"]
[SourceDate "2011.01.05"]
[SourceVersion "1"]
[SourceVersionDate "2011.01.05"]
[SourceQuality "1"]

1. e4 c5 2. b4 cxb4 3. a3 Nf6 4. e5 Nd5 5. axb4 Nc6 6. Nf3 Ncxb4 7. Bc4 e6 8. Ba3 Be7 9. c3 Nc6 10. Bxd5 exd5 11. d4 d6 12. Qe2 0-0 13. 0-0 dxe5 14. Nxe5 Nxe5 15. Qxe5 Bxa3 16. Nxa3 Re8 17. Qg3 Bd7 18. Nc2 a5 19. Rfb1 Bf5 20. Rb2 Bxc2 21. Rxc2 b5 22. Qd3 Qb6 23. Rb2 b4 24. cxb4 axb4 25. Rab1 Ra4 26. g3 g6 27. Qd2 Rb8 28. h4 h5 29. Kg2 Kg7 30. Rb3 Qb5 31. Qf4 Re8 32. Rf3 Qd7 33. Qf6+ Kg8 34. Qb6 Qe6 35. Rxb4 Qxb6 36. Rxb6 Rxd4 37. Rd6 Re6 38. Rd7 f5 39. Ra3 f4 40. Ra8+ 1-0

[Event "London Classic op"]
[Site "London"]
[Date "2010.12.12"]
[Round "5"]
[White "Kumar, Shankar"]
[Black "Burnham, Frank"]
[Result "0-1"]
[WhiteElo "1795"]
[BlackElo "1750"]
[PlyCount "84"]
[EventDate "2010.12.08"]
[EventType "swiss"]
[EventRounds "9"]
[EventCountry "ENG"]
[SourceTitle "CBM 139 Extra"]
[Source "ChessBase"]
[SourceDate "2011.01.05"]
[SourceVersion "1"]
[SourceVersionDate "2011.01.05"]
[SourceQuality "1"]

1. Nf3 d5 2. c4 e6 3. b3 Nf6 4. Bb2 Nbd7 5. g3 Be7 6. Bg2 0-0 7. 0-0 c5 8. e3 a6 9. Nc3 Rb8 10. Qe2 Nb6 11. cxd5 exd5 12. d4 c4 13. Ne5 cxb3 14. axb3 Be6 15. Rac1 Nc8 16. Na4 Na7 17. Nc5 Qb6 18. Ba3 Qd8 19. g4 h6 20. Rc2 Nb5 21. Bb2 Bxc5 22. Rxc5 Rc8 23. Rfc1 Nd6 24. Ba3 Re8 25. f3 Nb5 26. Bb4 a5 27. Qxb5 axb4 28. Qxb4 Rxc5 29. Rxc5 Nd7 30. Nxd7 Qxd7 31. Bf1 Bxg4 32. fxg4 Qxg4+ 33. Kf2 Qh4+ 34. Ke2 Qxh2+ 35. Kd3 Qf2 36. Qd2 Qxf1+ 37. Kc2 Qf5+ 38. Kc3 Qe4 39. Rc7 b6 40. Qf2 Qxe3+ 41. Qxe3 Rxe3+ 42. Kb4 Re4 0-1

[Event "London Classic op"]
[Site "London"]
[Date "2009.12.11"]
[Round "5"]
[White "Hoffmann, Piotr"]
[Black "Burnham, Frank"]
[Result "1/2-1/2"]
[WhiteElo "1666"]
[BlackElo "1812"]
[PlyCount "172"]
[EventDate "2009.12.08"]
[EventType "swiss"]
[EventRounds "9"]
[EventCountry "ENG"]
[SourceTitle "CBM 133 Extra"]
[Source "ChessBase"]
[SourceDate "2010.01.05"]
[SourceVersion "1"]
[SourceVersionDate "2010.01.05"]
[SourceQuality "1"]

1. Nc3 d5 2. e4 d4 3. Nce2 e5 4. Ng3 Nf6 5. Nf3 Bd6 6. Bc4 0-0 7. 0-0 c5 8. d3 Bg4 9. h3 Bd7 10. a3 b5 11. Ba2 Na6 12. Bd2 Nc7 13. Bg5 Be6 14. Nf5 Bxa2 15. Rxa2 Nce8 16. Nh2 Rc8 17. Ng4 Rc6 18. Qf3 Bb8 19. Qg3 Re6 20. Ngh6+ Kh8 21. Ng4 Qb6 22. Bxf6 gxf6 23. Ngh6 c4 24. Raa1 a5 25. Qf3 Ng7 26. g3 Ree8 27. Qe2 Qe6 28. g4 Bc7 29. Kh1 Qc6 30. Rg1 Ne6 31. Rgc1 Nf4 32. Qf1 Qe6 33. Ng3 Ng6 34. Nhf5 Rg8 35. Nh5 Nf4 36. Nxf4 exf4 37. f3 Be5 38. Qe1 Rc8 39. Qxa5 cxd3 40. cxd3 Rxc1+ 41. Rxc1 Qb3 42. Qd2 Qe6 43. Qc2 Rg5 44. Qc8+ Rg8 45. Qxe6 fxe6 46. Nh4 Kg7 47. Rc6 Kf7 48. Ng2 Rb8 49. Ne1 Rb7 50. Nc2 Ke7 51. Nb4 Kd7 52. Rc2 Bd6 53. Na2 b4 54. axb4 Bxb4 55. Kg2 Bd6 56. Kf2 Rb3 57. Ke2 Bc7 58. Nc1 Rb5 59. b3 Bd6 60. Ra2 Rb7 61. Ra5 e5 62. Ra4 Ke6 63. Kd1 Kf7 64. Kc2 Kg6 65. h4 h5 66. gxh5+ Kxh5 67. Ra6 Be7 68. Ra8 Kxh4 69. Rg8 Ba3 70. Ne2 Kh5 71. Rg2 Kh6 72. Rg1 Rc7+ 73. Kb1 Bb4 74. Kb2 Rg7 75. Rxg7 Kxg7 76. Kc2 Kg6 77. Nc1 f5 78. Kd1 fxe4 79. dxe4 Kf6 80. Nd3 Bd6 81. Ke2 Ke6 82. Kd2 Kd7 83. Kc2 Kc6 84. b4 Kb5 85. Kb3 Bb8 86. Nc1 Bd6 1/2-1/2